Normal view
MARC view
- Kerry A.J
Entry Personal Name
001 - CONTROL NUMBER
- control field: 48908
003 - CONTROL NUMBER IDENTIFIER
- control field: NUST
005 - DATE AND TIME OF LATEST TRANSACTION
- control field: 20210314134204.0
008 - FIXED-LENGTH DATA ELEMENTS
- fixed length control field: 210314|| aca||aabn | a|a d
040 ## - CATALOGING SOURCE
- Original cataloging agency: NUST
- Transcribing agency: NUST
100 ## - HEADING--PERSONAL NAME
- Personal name: Kerry A.J
670 ## - SOURCE DATA FOUND
- Source citation: Work cat.: (NUST): Kerry A.J, The History of the corps of Royal Canadian Engineers, 1949
